Salman Rushdie Novels Quiz Stats

 Plays Quiz Updated Apr 3, 2020

Support Sporcle.
Go Orange.
Score 0/13 Timer 04:00
0 Plays Today
Year Title % Correct
1988The Satanic Verses
91.1%
1981Midnight's Children
74.7%
2005Shalimar the Clown
34.3%
1990Haroun and the Sea of Stories
34.1%
1983Shame
32.3%
2019Quichotte
31.6%
1999The Ground Beneath Her Feet
30.2%
2017The Golden House
29.1%
1995The Moor's Last Sigh
27.5%
1975Grimus
27.4%
2001Fury
27.1%
2008The Enchantress of Florence
26.6%
2015Two Years Eight Months and Twenty-Eight Nights
20.2%

From the Vault

Woody's Pull-String Quotes from Toy Story

by sproutcm

Movies 5m
Who's the rootinest, tootinest cowboy in the wild wild west?
Remove Ads.
Support Sporcle.
Get the best of Sporcle when you Go Orange. This ad-free experience offers more features, more stats, and more fun while also helping to support Sporcle. Thank you for becoming a member.

Show Comments

Extras

Top Quizzes Today


Score Distribution

Your Account Isn't Verified!

In order to create a playlist on Sporcle, you need to verify the email address you used during registration. Go to your Sporcle Settings to finish the process.

Report this User

Report this user for behavior that violates our Community Guidelines.

Details: